Ar-ruh (apakah dia) [

Bibliographic Details
Format: Book
Published: Kuala Lumpur : KD Production , 19-
Subjects:

MARC

LEADER 00000cam a2200000 7i4500
001 0000002201
002 000002400
005 20000330.0
020 |a 000002400 
090 0 0 |a 297.22   |b ARR 
245 0 0 |a Ar-ruh (apakah dia) [  |h videorecording]   |c disampaikan oleh Prof.Dato Harun Din 
260 |a Kuala Lumpur :   |b KD Production ,   |c 19- 
300 |a 1 videocassette VHS(60:00min) :   |b col(PAL) 
650 0 0 |a Eschatology, Islamic 
999 |a 00089   |b VIDEO   |c KOLEKSI AUDIO VIDEO   |e PERPUSTAKAAN KOMUNITI PETALING JAYA